Gegend Zwischen Verona, Peschiera, Und Mantova.

Podrobná bibliografia
Korporatívny autor: Kaiserlich-Königliches Militärgeographisches Institut (Author, Publisher)
Médium: Mapa
Jazyk:German
Vydané: [Wien] [Kaiserlich-Königliches Militärgeographisches Institut] [1850?]
Témy:
Signatúra: ... signatúra
LEADER 03747nem a2200697 i 4500
001 000016708
005 20260410152937.0
008 250619s1850 au e 0 ger d
FMT
040 |a SVKKK  |b slo  |c SVKKK  |e rda 
041 0 |a ger  |g ita 
043 |a e-it--- 
044 |a au 
072 7 |a 912:904  |x Staré mapy  |2 konspekt 
080 |a 912:904  |2 2011 
080 |a 912.43(450.34)  |2 2011 
080 |a (450.34)  |2 2011 
080 |a (084.3)  |2 2011 
080 |a 763  |2 2011 
110 1 |a Kaiserlich-Königliches Militärgeographisches Institut  |c Wien  |4 aut 
245 1 0 |a Gegend Zwischen Verona, Peschiera, Und Mantova. 
255 |a Masstab 1 Zoll - 4000 Wiener -Klafter oder 1 österr. Meile  |b 4000=12cm 
255 |a 1:43200  |b Italienische Meilen 60 auf 1 Grad. (5000 Schritte=5,8cm) 
255 |a Massstäbe zu 1/43200 der Natur.  |b Oesterreichische Meilen 15 auf 1 Grad. (1[]=17,1cm) 
264 1 |a [Wien]  |b [Kaiserlich-Königliches Militärgeographisches Institut]  |c [1850?] 
300 |a 1 mapa v 4 samostatných častiach  |b litografia  |c približne 109x79 cm 
336 |a kartografický obraz  |b cri  |2 rdacontent 
337 |a bez média  |b n  |2 rdamedia 
338 |a list  |b nb  |2 rdacarrier 
500 |a Čierno-biela mapa s vonkajším lemom (rámom) mapy v ornamentálnom sivo-čiernom ráme, vnútorný lem tvorí linkovaný rámec; bez zemepisnej siete. Jazyk názvu a popisov v nemčine, geografické názvy na mape v taliančine. 
500 |a Zachovaná časť (č. 1, Verona) podlepená bielym plátnom, preložená pozdĺžne a priečne napoly. Veľkosť zachovaného mapového hárku 51x28,2cm. Na plátne biely štítok (6,4x3,8cm) s názvom: Verona 1. 
500 |a Kompletná mapa pozostáva zo štyroch oddelených častí. Celkovo je niekoľkokrát preložená a nalepená na plátne, pričom časti 2.-4. (Mantova, Volta, Peschiera + okolie) tvoria obdĺžnik s rozmermi približne 170x52,5 cm (nezachované). Zachovaná časť 1. (51,5x 29cm) vytvára v pravej hornej časti celkovej mapy výklenok. 
500 |a R ok vydania uvádza: Česká digitální knihovna medzi 1830-1870; MZK [1866?], ÖNB 3 záznamy s rôznymi rokmi vydania - [nach 1849], [ca. 1838] a [1866], niektoré okolo 1850, resp. bez uvedenia. 
500 |a Legenda: Zeichen-Erklärung - umiestnená pod názvom, a pod ňou pokračuje mierkou a mierkovými osami. 
500 |a Rok vydania i autorská korporácia prevzaté podľa Hungaricana, Libreria Antiquaria Perini. 
510 4 |a UK PřF Praha  |c Mapová sbírka, sign. D2/364 (12767) 
510 4 |a UK PřF Praha  |c Mapová sbírka, sign. 433/32 (13671) 
510 4 |a Hungaricana 
510 4 |a Hadtörténeti Intézet és Múzeum  |c B VII a 202 
510 4 |a Yale University, Beinecke Rare Book and Manuscript Library  |c Call Nr. 40 1850A, Container/Volume BRBL_00200 
510 4 |a ČDK 
510 4 |a Libreria Antiquaria Perini 
510 4 |a Leibniz-Institut für Länderkunde  |c sign. HK 0579 
510 4 |a Moravská Zemská Knihovna  |c BOA001, Mpa-1209.797 
510 4 |a ÖNB  |c sign. KB 96153 KAR MAG [ca1838] 
510 4 |a ÖNB  |c sign. ALB 32a KAR MAG; FKB V.16 KAR MAG [nach 1849] 
510 4 |a ÖNB  |c sign. K III 103913 KAR MAG [1866] 
550 |a Vydavateľské údaje prevzaté podľa Libreria Antiquaria Perini. 
650 0 4 |a historické mapy  |2 SVKKKST 
650 0 4 |a litografia  |2 SVKKKST 
651 4 |a Verona  |2 SVKKKST 
651 4 |a Peschiera del Garda  |2 SVKKKST 
651 4 |a Mantova  |2 SVKKKST 
651 4 |a kraj Benátsko  |2 SVKKKST 
710 2 |a Kaiserlich-Königliches Militärgeographisches Institut  |c Wien  |4 pbl 
752 |a Rakúsko  |d Wien 
852 |a svkkk  |b historické fondy  |p ... signatúra 
910 |a svkkk 
998 |a MAPY 
BAS
OWN